000 00447nam a2200205Ia 4500
001 12787
003 GE_BSU
008 181216s||||||||xx |||||||||||||| ||und||
020 _a9780007884629
040 _cGE_BSU
080 _a821.111-312.4
100 _aKoontz,Dean.
245 4 _aThe Takinc.
260 _aLondon.
260 _bHarper Collins Publishers.
260 _c2005
300 _a410p;18cm.
653 _aThe Takinc.
942 _cBK
999 _c45958
_d45958